Raprochement Kremlu s Vatikánem pokračuje
Uzavretie dohody o obnovení diplomatických stykov medzi Ruskom a Vatikánom v roku 2009. Dominantná pravoslávna cirkev v Rusku. Vývoj vzťahov medzi katolíckou a ruskou pravoslávnou cirkvou po roku 1991. Odpor pravoslávnej cirkvi, resp. ruského štátu, k aktivitám katolíckych diecéz na území nových nez...
Gespeichert in:
| 1. Verfasser: | |
|---|---|
| Format: | Buchkapitel |
| Sprache: | Tschechisch |
| Schlagworte: | |
| Tags: |
Keine Tags, Fügen Sie das erste Tag hinzu!
|
MARC
| LEADER | 00000naa a2200000 4500 | ||
|---|---|---|---|
| 001 | 0130073 | ||
| 005 | 20231016094527.8 | ||
| 041 | 0 | |a cze | |
| 044 | |a CZ | ||
| 245 | 1 | 0 | |a Raprochement Kremlu s Vatikánem pokračuje |c Vlaďka Votavová |
| 520 | |a Uzavretie dohody o obnovení diplomatických stykov medzi Ruskom a Vatikánom v roku 2009. Dominantná pravoslávna cirkev v Rusku. Vývoj vzťahov medzi katolíckou a ruskou pravoslávnou cirkvou po roku 1991. Odpor pravoslávnej cirkvi, resp. ruského štátu, k aktivitám katolíckych diecéz na území nových nezávislých štátov bývalého Sovietskeho zväzu. Pravoslávna cirkev stotožnená s ideológiou putinského Ruska. Čo môže súčasný ruský prezident Medvedev očakávať od prehlbovania vzťahov s Vatikánom. | ||
| 610 | 2 | 0 | |a politika zahraničná |
| 610 | 2 | 0 | |a náboženstvo |
| 610 | 2 | 0 | |a diplomacia |
| 610 | 2 | 0 | |a cirkev |
| 610 | 2 | 0 | |a Rusko |
| 610 | 2 | 0 | |a Vatikán |
| 100 | 1 | |a Votavová, Vlaďka | |